Overcrowded houses spark regulation changes (Record no. 73799)

MARC details
000 -LEADER
fixed length control field 00942cam a2200217 4500
001 - CONTROL NUMBER
control field WB3944-10
008 - FIXED-LENGTH DATA ELEMENTS--GENERAL INFORMATION
fixed length control field 031118n2002 000 0 eng u
035 ## - SYSTEM CONTROL NUMBER
System control number (Sirsi) u124359
245 ## - TITLE STATEMENT
Title Overcrowded houses spark regulation changes
260 ## - PUBLICATION, DISTRIBUTION, ETC.
Date of publication, distribution, etc. 2002
490 ## - SERIES STATEMENT
Series statement RICS Press Release
Volume/sequential designation (pr109) 17 November 2003 (2)
520 ## - SUMMARY, ETC.
Summary, etc. Recent RICS research has shown that smaller and more densely sited dwellings have meant an increase in complaints about noisy neighbours. The RICS is in consultation with the government on a current review of sound insulation standards which have not been changed since the 1950s. http://www.rics.org/ricscms/bin/show?class=PressRelease&template=/includes/showpr.html&id=1058
590 ## - LOCAL NOTE (RLIN)
Local note WB
650 ## - SUBJECT ADDED ENTRY--TOPICAL TERM
Topical term or geographic name entry element SOUND INSULATION
650 ## - SUBJECT ADDED ENTRY--TOPICAL TERM
Topical term or geographic name entry element BUILDING REGULATIONS
9 (RLIN) 6224
650 ## - SUBJECT ADDED ENTRY--TOPICAL TERM
Topical term or geographic name entry element NOISE INSULATION
650 ## - SUBJECT ADDED ENTRY--TOPICAL TERM
Topical term or geographic name entry element NOISY NEIGHBOURS
650 ## - SUBJECT ADDED ENTRY--TOPICAL TERM
Topical term or geographic name entry element ANTI-SOCIAL BEHAVIOUR
690 ## - LOCAL SUBJECT ADDED ENTRY--TOPICAL TERM (OCLC, RLIN)
Topical term or geographic name as entry element HOUSING
942 ## - ADDED ENTRY ELEMENTS (KOHA)
Suppress in OPAC 0
Holdings
Withdrawn status Lost status Source of classification or shelving scheme Damaged status Not for loan Home library Current library Shelving location Date acquired Total Checkouts Full call number Barcode Date last seen Copy number Price effective from Koha item type
    Dewey Decimal Classification     London London News article 18/11/2003   WB3944-10 124359-1001 06/08/2019 1 06/08/2019 News article